Statistics for Female World Leaders

Click here to take the quiz!

General Stats

  • This quiz has been taken 84 times
  • The average score is 9 of 21

Answer Stats

Type of PoliticianWorld LeaderCountry% Correct
ChancellorAngela MerkelGermany
95%
PresidentDilma RousseffBrazil
87%
PresidentCristina FernandezArgentina
84%
PresidentMichelle BacheletChile
70%
PresidentPark Geun-hyeSouth Korea
68%
Prime MinisterErna SolbergNorway
66%
Prime MinisterHelle Thorning-SchmidtDenmark
58%
Prime MinisterSheikh Hasina WajedBangladesh
55%
PresidentEllen Johnson-SirleafLiberia
47%
Prime MinisterYingluck ShinawatraThailand
42%
PresidentLaura ChinchillaCosta Rica
39%
PresidentDalia GrybauskaiteLithuania
39%
Prime MinisterPortia Simpson MillerJamaica
29%
Prime MinisterLaimdota StraujumaLatvia
25%
PresidentJoyce BandaMalawi
25%
Prime MinisterAlenka BratusekSlovenia
21%
Prime MinisterAminata TouréSenegal
17%
PresidentMarie-Louise Coleiro PrecaMalta
13%
PresidentAtifete JahjagaKosovo
12%
Prime MinisterKamla Persad-BissessarTrinidad and Tobago
12%
PresidentCatherine Samba-PanzaCentral African Republic
11%

Score Distribution

Percentile by Number Answered

Percent of People with Each Score

Your Score History

You have not taken this quiz